| 000 -LEADER | |
|---|---|
| fixed length control field | 00399nam a22001697a 4500 |
| 005 - DATE AND TIME OF LATEST TRANSACTION | |
| control field | 20180703165020.0 |
| 008 - FIXED-LENGTH DATA ELEMENTS--GENERAL INFORMATION | |
| fixed length control field | 160511b xxu||||| |||| 00| 0 eng d |
| 020 ## - INTERNATIONAL STANDARD BOOK NUMBER | |
| ISBN | 978-0-07-065665-9 |
| 041 ## - LANGUAGE CODE | |
| Language code of text/sound track or separate title | eng |
| 082 ## - DEWEY DECIMAL CLASSIFICATION NUMBER | |
| Item number | 1380 |
| Classification number | 658.15 |
| 100 ## - MAIN ENTRY--AUTHOR NAME | |
| Personal name | Chandra, Prasanna |
| 245 ## - TITLE STATEMENT | |
| Title | Financial Management |
| 260 ## - PUBLICATION, DISTRIBUTION, ETC. (IMPRINT) | |
| Place of publication | New Delhi |
| Name of publisher | TMH |
| 300 ## - PHYSICAL DESCRIPTION | |
| Number of Pages | 1124p, |
| 650 ## - SUBJECT ADDED ENTRY--TOPICAL TERM | |
| Topical Term | Management |
| 942 ## - ADDED ENTRY ELEMENTS (KOHA) | |
| Koha item type | Books |
| Lost status | Damaged status | Collection code | Home library | Shelving location | Date acquired | Cost, normal purchase price | Full call number | Accession Number | Koha item type | Current library |
|---|---|---|---|---|---|---|---|---|---|---|
| MANAGEMENT | JRU Library | SHELF-59-K | 11/05/2016 | 530.00 | 658.15 | 1380 | Books | |||
| JRU Library | SHELF-18-E | 11/05/2016 | 530.00 | 658.15 | 1381 | Books | ||||
| MANAGEMENT | JRU Library | 11/05/2016 | 530.00 | 658.15 | 1382 | Books | JRU Library | |||
| MANAGEMENT | JRU Library | 11/05/2016 | 530.00 | 658.15 | 1383 | Books | JRU Library | |||
| MANAGEMENT | JRU Library | 11/05/2016 | 530.00 | 658.15 | 1384 | Books | JRU Library | |||
| Reference | JRU Library | SHELF-28-G | 11/05/2016 | 530.00 | 658.15 | 1385 | Books | |||
| MANAGEMENT | JRU Library | SHELF-59-I | 11/05/2016 | 530.00 | 658.15 | 1386 | Books | |||
| JRU Library | SHELF-18-E | 11/05/2016 | 530.00 | 658.15 | 1387 | Books | ||||
| JRU Library | SHELF-18-E | 11/05/2016 | 530.00 | 658.15 | 1388 | Books | ||||
| MANAGEMENT | JRU Library | SHELF-59-J | 11/05/2016 | 530.00 | 658.15 | 1389 | Books | |||
| MANAGEMENT | JRU Library | SHELF-59-I | 11/05/2016 | 530.00 | 658.15 | 1390 | Books | |||
| MANAGEMENT | JRU Library | 11/05/2016 | 530.00 | 658.15 | 1391 | Books | JRU Library | |||
| MANAGEMENT | JRU Library | SHELF-59-J | 11/05/2016 | 530.00 | 658.15 | 1392 | Books | JRU Library | ||
| MANAGEMENT | JRU Library | 11/05/2016 | 530.00 | 658.15 | 1393 | Books | JRU Library | |||
| MANAGEMENT | JRU Library | SHELF-59-J | 11/05/2016 | 530.00 | 658.15 | 1394 | Books | |||
| MANAGEMENT | JRU Library | 11/05/2016 | 530.00 | 658.15 | 1395 | Books | JRU Library | |||
| MANAGEMENT | JRU Library | SHELF-59-J | 11/05/2016 | 530.00 | 658.15 | 1396 | Books | |||
| MANAGEMENT | JRU Library | SHELF-59-J | 11/05/2016 | 530.00 | 658.15 | 1397 | Books | |||
| MANAGEMENT | JRU Library | 11/05/2016 | 530.00 | 658.15 | 1398 | Books | JRU Library | |||
| MANAGEMENT | JRU Library | SHELF-59-J | 11/05/2016 | 530.00 | 658.15 | 1399 | Books | |||
| MANAGEMENT | JRU Library | 11/05/2016 | 530.00 | 658.15 | 1400 | Books | JRU Library | |||
| MANAGEMENT | JRU Library | 11/05/2016 | 530.00 | 658.15 | 1401 | Books | JRU Library | |||
| MANAGEMENT | JRU Library | 11/05/2016 | 530.00 | 658.15 | 1402 | Books | JRU Library | |||
| MANAGEMENT | JRU Library | 11/05/2016 | 530.00 | 658.15 | 1403 | Books | JRU Library | |||
| JRU Library | SHELF-18-E | 11/05/2016 | 530.00 | 658.15 | 1404 | Books |